000 00540nam a22001817a 4500
003 BD-DhUL
005 20210829105901.0
008 181010s1984 ii ||||| |||| 00| 0 urd d
040 _aBD-DhUL
_cBD-DhUL
082 _a891.431
_bMAA
100 0 _aشوق ماہری۔
245 0 _aاذان بتکرہ /
_cشوق ماہری۔
246 _aAzān-e butkadah
260 _aبھوپال :
_bمدھیہ پردیش اردو اکادیمی،
_c۱۹۸۴۔
300 _aص۔ ۱۲۸ ؛
_c ۲۲ سم۔
650 4 _aUrdu poetry.
942 _2ddc
_cBK
999 _c243892
_d243892